000 00456nam a2200205Ia 4500
005 20250425162701.0
008 250425s9999 xx 000 0 und d
020 _a8425317258
041 _aspa
043 _asp
082 _a800
245 0 _aIACOCCA: AUTOBIOGRAFÍA DE UN TRIUNFADOR
250 _aS.E
260 _aBARCELONA
260 _aEspaña
_bGRIJALBO
_c1985
300 _a451
650 _aLITERATURA
942 _c01
010 _a96569
999 _c234276
_d234276